| LEADER |
01146nam0a2200217 450 |
| 001 |
16855658 |
| 010 |
|
|
|a 979-10-347-3700-0
|b rel.
|d 14,5
|
| 100 |
|
|
|a 20211216d2026 u u0frey01 ba
|
| 101 |
0 |
|
|a fre
|
| 102 |
|
|
|a BE
|
| 200 |
0 |
|
|a Vendredi noir
|f Arthur de Pins
|
| 207 |
|
1 |
|a
|
| 210 |
|
|
|a Paris
|b 57, bd de La Villette
|c Dupuis
|d DL 2020
|
| 215 |
|
|
|a 1 vol. (non paginé [46] p.)
|c ill. en coul.
|d 32 cm
|
| 225 |
1 |
|
|a Zombillénium
|v 5
|
| 330 |
|
|
|a Au lendemain du "Vendredi noir" à Zombillénium, les employés ont carte blanche pour dévorer les visiteurs, encouragés par la direction qui entend profiter de ces gains en nouvelles âmes. Pour contrecarrer les sinistres plans de Charlotte et Aurélien avec son réseau de résistance, Gretchen doit d'abord régler ses comptes avec son passé. Un avant-dernier tome rempli d'action et de révélations qui prépare l'apothéose finale de cette série culte.
|
| 461 |
|
0 |
|t Zombillénium
|v 5
|
| 700 |
|
0 |
|a Pins
|b Arthur de
|f 1977-....
|4 70
|
| 900 |
|
|
|a Bande Dessinée (enfants)
|
| 901 |
|
|
|a Jeunesse
|
| 995 |
|
|
|a Médiathèque
|c Médiathèque
|f 089018470
|h 089018470
|k BD ZOM 5
|o p
|q j
|r az
|e Médiathèque
|